| 000 | 00648nam a2200181Ia 4500 | ||
|---|---|---|---|
| 003 | IN-BaIIA | ||
| 008 | 211028s9999 xx 000 0 eng d | ||
| 040 | _cIIA Library | ||
| 080 |
_a69.01:624 _bIND-24 |
||
| 110 |
_aBureau of Indian Standards _920631 |
||
| 245 | 0 |
_aIndian standard: method of measurement of building and civil engineering works _bpt. 24, well foundations _cBureau of Indian Standards |
|
| 260 |
_aNew Delhi _bBureau of Indian Standards _c2003 |
||
| 300 | _a6p. | ||
| 650 |
_acivil engineering work _933828 |
||
| 650 |
_aIndian standard _933829 |
||
| 650 |
_aWell foundations _933830 |
||
| 942 | _cBK | ||
| 999 |
_c17817 _d17817 |
||